Villes Françaises jumelées avec des villes des Etats-Unis - Statistiques

Statistiques générales
  • Ce quiz a été pris 183 fois
  • Le résultat moyen est 25 sur 53
Statistiques - réponses
Réponse % Correct
Bordeaux
83%
Los Angeles
80%
Nice
80%
Lille
78%
Toulouse
77%
Miami
74%
Strasbourg
74%
Nantes
73%
Rennes
71%
Brest
70%
Boston
69%
Caen
67%
Dallas
67%
Montpellier
67%
Rouen
67%
Houston
65%
Orléans
62%
Grenoble
61%
Seattle
61%
Toulon
60%
Le Havre
59%
Metz
59%
Nancy
59%
Amiens
56%
Denver
56%
Dijon
56%
Philadelphie
56%
Atlanta
52%
Saint-Etienne
50%
Phoenix
47%
Tours
47%
Pau
46%
Limoges
41%
Jacksonville
39%
Charlotte
38%
Baton Rouge
35%
Louisville
33%
Minneapolis
33%
Cleveland
32%
Aix-en-Provence
31%
Kansas City
31%
Nashville
31%
Tampa
27%
Des Moines
21%
Buffalo
18%
Cincinnati
18%
Tulsa
16%
Springfield
15%
Wichita
12%
Norfolk
10%
Mobile
7%
Rochester
6%
Alexandria
3%
Aucun quiz correspondant
Distribution des résultats
% des personnes avec chaque résultat
Percentile par nombre de réponses
Votre historique - résultats
Vous n’avez pas pris ce quiz